000 01298cad a2200277 4500
001 L153413
008 110722s2004 xxk 000 0 eng u
035 _a(Sirsi) u153413
041 _aeng
100 1 _aBlake, Neil
245 _aMeasuring the competitiveness of the UK construction industry
_bvolume 2
_h[electronic resource]
260 _a[S.l.]
_bDTI
_c2004
490 0 _aConstruction Economics and Statistics
520 _aThe report looks at the feasibility of comparing construction productivity across countries, and provides an analysis, as far as possible, of the relative productivity levels in UK construction and its main competitors' France, Germany and the US, prior to the second phase of the project which will look at the reasons for construction productivity differences across these countries.
651 4 _aUnited Kingdom
_y
651 4 _aFrance
651 4 _aGermany
_y1990-
651 4 _aUnited States
_y1959-
690 _aBUILT ENVIRONMENT-CONSTRUCTION MARKET
700 1 _aCroot, Jane
700 1 _aHastings, James
710 1 _aExperian Business Strategies
_94789
710 1 _aUnited Kingdom
_bDepartment of Trade and Industry
856 4 0 _uhttps://www.bis.gov.uk/files/file19029.pdf
_zView this item free of charge at www.statistics.gov.uk
942 _n0
999 _c112505
_d112505